[Event "DEN-ch corr"]
[Site "Denmark"]
[Date "1979.??.??"]
[Round "?"]
[White "Gasseholm, Finn"]
[Black "Johansen, Flemming"]
[Result "1/2-1/2"]
[WhiteElo "2195"]
[BlackElo "2082"]
[PlyCount "55"]
[EventDate "1979.??.??"]
[EventType "tourn (corr)"]
[EventRounds "17"]
[EventCountry "DEN"]
[SourceTitle "Corr 2000"]
[Source "ChessBase"]
[SourceDate "2000.04.19"]
[SourceVersion "1"]
[SourceVersionDate "2000.04.19"]
[SourceQuality "1"]

1. d4 Nf6 2. c4 g6 3. Nc3 d5 4. Nf3 Bg7 5. Qb3 dxc4 6. Qxc4 0-0 7. e4 Bg4 8. Be3 Nfd7 9. Qb3 Nb6 10. Rd1 e6 11. Be2 Nc6 12. e5 a5 13. a3 a4 14. Qc2 Bf5 15. Qc1 Na5 16. Bg5 f6 17. exf6 Bxf6 18. Bxf6 Qxf6 19. 0-0 Nb3 20. Qe3 Bc2 21. Rde1 Nd5 22. Nxd5 exd5 23. Bd3 Bxd3 24. Qxd3 Rae8 25. Re5 c6 26. Rfe1 Rxe5 27. Rxe5 Qf4 28. Re1 1/2-1/2

[Event "DEN-ch corr"]
[Site "Denmark"]
[Date "1979.??.??"]
[Round "?"]
[White "Hyldkrog, Lars"]
[Black "Johansen, Flemming"]
[Result "1-0"]
[WhiteElo "2324"]
[BlackElo "2082"]
[PlyCount "69"]
[EventDate "1979.??.??"]
[EventType "tourn (corr)"]
[EventRounds "17"]
[EventCountry "DEN"]
[SourceTitle "Corr 2000"]
[Source "ChessBase"]
[SourceDate "2000.04.19"]
[SourceVersion "1"]
[SourceVersionDate "2000.04.19"]
[SourceQuality "1"]

1. e4 c6 2. d4 d5 3. Nd2 dxe4 4. Nxe4 Bf5 5. Ng3 Bg6 6. h4 h6 7. Nf3 Nd7 8. h5 Bh7 9. Bd3 Bxd3 10. Qxd3 Qc7 11. Bd2 e6 12. 0-0-0 Ngf6 13. Qe2 0-0-0 14. Ne5 Nb6 15. Ba5 Rd5 16. b4 Rxa5 17. bxa5 Ba3+ 18. Kb1 Na4 19. Qf3 Bb4 20. Rd3 Qxa5 21. Ne2 Nd5 22. Rh3 Be7 23. Rb3 Qe1+ 24. Nc1 Bg5 25. Ned3 Ndc3+ 26. Ka1 Qg1 27. Qxf7 b5 28. Qxe6+ Kb7 29. Ne1 Bxc1 30. Rhxc3 Nxc3 31. Rxc3 Rc8 32. d5 c5 33. Qd7+ Kb6 34. Qxc8 Qxe1 35. Qe6+ 1-0

[Event "DEN-ch corr"]
[Site "Denmark"]
[Date "1979.??.??"]
[Round "?"]
[White "Jensen, Ib Vagn Norgaard"]
[Black "Johansen, Flemming"]
[Result "1-0"]
[WhiteElo "1884"]
[BlackElo "2082"]
[PlyCount "69"]
[EventDate "1979.??.??"]
[EventType "tourn (corr)"]
[EventRounds "17"]
[EventCountry "DEN"]
[SourceTitle "Corr 2000"]
[Source "ChessBase"]
[SourceDate "2000.04.19"]
[SourceVersion "1"]
[SourceVersionDate "2000.04.19"]
[SourceQuality "1"]

1. d4 Nf6 2. Nf3 g6 3. g3 c6 4. c4 d5 5. Nbd2 Nbd7 6. Bg2 Bg7 7. 0-0 0-0 8. b3 e6 9. Bb2 b6 10. Qc2 Bb7 11. e4 dxe4 12. Nxe4 Nxe4 13. Qxe4 Rb8 14. Rad1 Qc7 15. Qc2 c5 16. d5 exd5 17. Bxg7 Kxg7 18. cxd5 Qd6 19. Nd2 Rbe8 20. Ne4 Qb8 21. f4 h6 22. f5 Qe5 23. f6+ Kh7 24. Qd2 Qh5 25. Rf4 Qe5 26. Rh4 h5 27. Rf1 Ba6 28. Ng5+ Kg8 29. Re4 Qd6 30. Nxf7 Qb8 31. Qh6 Rxf7 32. Qxg6+ Kf8 33. Qh6+ Kg8 34. Rf5 Re5 35. Rexe5 1-0

[Event "DEN-ch corr"]
[Site "Denmark"]
[Date "1979.??.??"]
[Round "?"]
[White "Johansen, Flemming"]
[Black "Hanghoj, Peder"]
[Result "1/2-1/2"]
[WhiteElo "2082"]
[BlackElo "1821"]
[PlyCount "69"]
[EventDate "1979.??.??"]
[EventType "tourn (corr)"]
[EventRounds "17"]
[EventCountry "DEN"]
[SourceTitle "Corr 2000"]
[Source "ChessBase"]
[SourceDate "2000.04.19"]
[SourceVersion "1"]
[SourceVersionDate "2000.04.19"]
[SourceQuality "1"]

1. c4 g6 2. Nc3 Bg7 3. d4 d6 4. e4 Nc6 5. Be3 e5 6. d5 Nce7 7. c5 f5 8. f3 Bh6 9. Bxh6 Nxh6 10. cxd6 cxd6 11. Qd2 Nf7 12. 0-0-0 a6 13. exf5 Nxf5 14. Ne4 b5 15. Bd3 Bb7 16. Ng3 Nd4 17. N1e2 Nxe2+ 18. Nxe2 0-0 19. Be4 Qg5 20. Qxg5 Nxg5 21. Rhf1 Rac8+ 22. Kd2 Rc5 23. h4 Nxe4+ 24. fxe4 Bc8 25. Rxf8+ Kxf8 26. Rc1 Ke7 27. b4 Rxc1 28. Nxc1 Kf6 29. Ke3 g5 30. g3 Kg6 31. hxg5 Kxg5 32. Nb3 Kg4 33. Kf2 h5 34. Nd2 h4 35. gxh4 1/2-1/2

[Event "DEN-ch corr"]
[Site "Denmark"]
[Date "1979.??.??"]
[Round "?"]
[White "Johansen, Flemming"]
[Black "Lund, Jens Christian"]
[Result "1/2-1/2"]
[WhiteElo "2082"]
[BlackElo "2275"]
[PlyCount "108"]
[EventDate "1979.??.??"]
[EventType "tourn (corr)"]
[EventRounds "17"]
[EventCountry "DEN"]
[SourceTitle "Corr 2000"]
[Source "ChessBase"]
[SourceDate "2000.04.19"]
[SourceVersion "1"]
[SourceVersionDate "2000.04.19"]
[SourceQuality "1"]

1. c4 Nf6 2. Nc3 g6 3. e4 d6 4. d4 Bg7 5. f4 0-0 6. Nf3 c5 7. d5 e6 8. Be2 exd5 9. exd5 Re8 10. 0-0 Ng4 11. Bd3 Ne3 12. Bxe3 Rxe3 13. Qd2 Re8 14. f5 Nd7 15. Ne4 Ne5 16. Nxe5 Rxe5 17. f6 Bh8 18. Rf4 Bf5 19. Raf1 Bxf6 20. Nxf6+ Qxf6 21. Qf2 Qg5 22. Bxf5 Rxf5 23. Rxf5 Qxf5 24. Qxf5 gxf5 25. Rxf5 Re8 26. Rg5+ Kf8 27. Kf2 Re4 28. b3 Rd4 29. Ke3 a6 30. Rf5 b5 31. Rf4 Rd1 32. Rh4 b4 33. Rf4 a5 34. Rf2 Rc1 35. Kd2 Ra1 36. Kd3 h5 37. Ke3 Kg7 38. Kf4 Kg6 39. h4 Rd1 40. Re2 Rd4+ 41. Kf3 Kf6 42. g3 Kf5 43. Rf2 Re4 44. Kg2+ Kg6 45. Kf3 Rd4 46. Ke3 Rg4 47. Kf3 a4 48. Re2 axb3 49. axb3 Rd4 50. Ke3 Rd1 51. Ke4 Rb1 52. Re3 Rf1 53. Re2 Rf5 54. Ra2 Rf6 1/2-1/2

[Event "DEN-ch corr"]
[Site "Denmark"]
[Date "1979.??.??"]
[Round "?"]
[White "Nielsen, Julius"]
[Black "Johansen, Flemming"]
[Result "1/2-1/2"]
[WhiteElo "2455"]
[BlackElo "2082"]
[PlyCount "76"]
[EventDate "1979.??.??"]
[EventType "tourn (corr)"]
[EventRounds "17"]
[EventCountry "DEN"]
[SourceTitle "Corr 2000"]
[Source "ChessBase"]
[SourceDate "2000.04.19"]
[SourceVersion "1"]
[SourceVersionDate "2000.04.19"]
[SourceQuality "1"]

1. e4 e5 2. Nc3 Nf6 3. Bc4 Nxe4 4. Qh5 Nd6 5. Bb3 Be7 6. Nf3 Nc6 7. Nxe5 0-0 8. 0-0 Nxe5 9. Qxe5 Bf6 10. Qh5 c6 11. d3 g6 12. Qf3 Kg7 13. Ne4 Nxe4 14. dxe4 a5 15. c3 a4 16. Bc2 Re8 17. Rd1 Be5 18. Rb1 Qc7 19. h3 b6 20. Be3 c5 21. Qe2 a3 22. Qd2 Qc6 23. f4 Bb8 24. b4 Bb7 25. e5 d6 26. b5 Qc8 27. exd6 Bxd6 28. Qxd6 Rxe3 29. Re1 Rg3 30. Be4 Bxe4 31. Qe5+ Kg8 32. Qxe4 Rxc3 33. Rbd1 Rb8 34. Rd5 Qe6 35. Re5 Qc4 36. Re8+ Rxe8 37. Qxe8+ Kg7 38. Qe5+ Kg8 1/2-1/2